| 000 | 00440cam a2200169ua 4500 | ||
|---|---|---|---|
| 003 | OSt | ||
| 008 | 241231b |||||||| |||| 00| 0 eng d | ||
| 041 | _aeng | ||
| 082 |
_a621.361 _bRIC/RE |
||
| 100 |
_aRichards, John A . _96672 |
||
| 245 | _aRemote sensing digital image analysis: an introduction / | ||
| 250 | _a4 / | ||
| 260 |
_aNew Delhi : _bSpringer , _c2008. |
||
| 300 | _a ; . | ||
| 700 | 1 |
_aJia, Xiuping . _96673 |
|
| 942 | _cBK | ||
| 999 |
_c13496 _d13496 |
||